Koponyabázist érintő daganatok
Elmentve itt :
| Szerző: | |
|---|---|
| További közreműködők: | |
| Dokumentumtípus: | Könyv |
| Megjelent: |
2015
|
| Kulcsszavak: | agydaganat rákbetegség |
| Tárgyszavak: | |
| Online Access: | http://eta.bibl.u-szeged.hu/976 |
| LEADER | 00697nnm a2200229 i 4500 | ||
|---|---|---|---|
| 001 | eta976 | ||
| 005 | 20190411141005.0 | ||
| 008 | 181121s2015 hu o 0|| hun d | ||
| 040 | |a SZTE Elektronikus Tananyag Archívum |b hun | ||
| 041 | |a hun | ||
| 100 | 1 | |a Fülöp Béla | |
| 245 | 1 | 0 | |a Koponyabázist érintő daganatok |h [elektronikus dokumentum] / |c Fülöp Béla |
| 260 | |c 2015 | ||
| 300 | |a 3 | ||
| 516 | |a Book | ||
| 650 | 4 | |a Orvos- és egészségtudomány | |
| 650 | 4 | |a Klinikai orvostan | |
| 650 | 4 | |a Onkológia | |
| 695 | |a agydaganat | ||
| 695 | |a rákbetegség | ||
| 700 | 0 | 1 | |a Barzó Pál |
| 856 | 4 | 0 | |u https://eta.bibl.u-szeged.hu/976/1/fulop_koponyabazist_erinto_daganatok.pdf |z Dokumentum-elérés |